Tonada de un viejo amor /

Guardat en:
Dades bibliogràfiques
Autor principal: Lavín, Mónica (autor)
Format: Llibre
Idioma:espanyol
Publicat: México : Plaza y Janés, 2002, c2002
Col·lecció:(Narrativa Mexicana)
Matèries:
Etiquetes: Afegir etiqueta
Sense etiquetes, Sigues el primer a etiquetar aquest registre!

MARC

LEADER 00000nam^a2200000^a^4500
001 000429159
005 20250526000000.0
009 20260310122851.789
020 |a 968-11-0525-7 
037 |a Acervo ITESO - Biblioteca 
041 |a ESP 
082 |a 863.  |b LAV 
100 |a Lavín, Mónica  |e (autor) 
245 1 0 |a Tonada de un viejo amor /  |c M. Lavín. 
264 4 |a México :  |b Plaza y Janés,  |c 2002, c2002 
300 |a 133 p. 
336 |a texto  |b txt  |2 rdacontenido 
337 |a sin mediación  |b n  |2 rdamedio 
338 |a volumen  |b nc  |2 rdasoporte 
440 1 |a (Narrativa Mexicana) 
545 0 |a Mónica Lavín (Ciudad de México, 1955), escritora mexicana. Bióloga de profesión, ha sido editora de Difusión Cultural de la Universidad Autónoma Metropolitana. Colabora en varias publicaciones de difusión cultural y científica; coordinó el libro de arte Paisaje, imagen, palabra: quehacer literario y plástico de las diversas regiones de México y es coautora del libro Historia y leyenda del Mazapán. En 1996 recibió el Premio Nacional de Literatura Gilberto Owen por el libro de cuentos Ruby Tuesday no ha muerto, en 1997 el premio del Club de Periodistas por el programa radiofónico Muy Interesante y el Premio Colima de Narrativa por su libro Café cortado. Es autora, entre otras obras, de los libros de cuentos Cuentos de desencuentro y otros (1986), Nicolasa y los encajes (1991), Retazos (1995), Ruby Tuesday no ha muerto (1996), La isla blanca (1998), Uno no sabe (2003); de la novela Tonada de un viejo amor (1995), Cambio de vías (1998); y de los libros para jóvenes, La más faulera (1997) y Planeta azul, planeta gris (1998). Sus cuentos aparecen en varias antologías nacionales y extranjeras. Con mujeres como protagonistas, sin ser una literatura de género, elementos constantes en su narrativa son la sensualidad, el deseo y el erotismo, así como el despertar de los sentidos; a través de ellos explora la intimidad humana para diferenciar entre el nosotros y los otros y dar respuesta a preguntas cotidianas. 
649 |a XX 
650 |a Cambios Sociales y Culturales en la Literatura 
650 |a Orden Social en la Literatura 
650 |a Novela Mexicana 
650 |a Literatura Mexicana -  |y Siglo XX 
650 |a Literatura de Mujeres -  |z México 
910 |a Fondo Alfonso de Alba Martín 
920 |a Impresos - Libros 
930 |a Libros Antiguos y Raros 
905 |a 125 
901 |a 0500353634  |b IT2  |c LRA  |i D99185  |u 20250526 
902 |a https://opac.biblio.iteso.mx/vufind/Record/000429159